000 00714nam a2200229Ia 4500
001 3338
003 GE_BSU
008 181216s||||||||xx |||||||||||||| ||und||
040 _cGE_BSU
080 _a691(075.32)
100 _aКлюковский,Г.И.
245 _aОбщая технология строительных материалов.
245 _bУчебник.
245 _cРед. Л.К.Олейник.
250 _aИзд. 2-е, перераб. и доп.
260 _aМ.
260 _bВысшая школа.
260 _c1976.
300 _a400 стр .с илл. 22 см.
653 _aОбщая технология строительных материалов.
942 _cBK
999 _c37379
_d37379